|
|
|
|
| LEADER |
01255nam a22002657a 4500 |
| 001 |
AAL1029 |
| 003 |
BD-DhAAL |
| 005 |
20160314115254.0 |
| 008 |
160314s 1997bg ||||| |||| 00| 0 ben d |
| 020 |
|
|
|a 9840501836
|
| 040 |
|
|
|a BD-DhAAL
|c BD-DhAAL
|
| 082 |
|
|
|a 306/.095492
|
| 100 |
|
|
|a কিবরিয়া, শাহ এ এম এস
|9 18503
|
| 245 |
|
|
|a মৃদু ভাষন /
|c শাহ এ এম এস কিবরিয়া
|
| 250 |
|
|
|a 1st ed.
|
| 260 |
|
|
|a ঢাকা :
|b ইউনিভার্সিটি প্রেস,
|c ১৯৯৭
|
| 300 |
|
|
|a ৫২২ পৃ. ;
|c ২২ সে.মি.
|
| 541 |
|
|
|e 1029
|
| 650 |
|
|
|a Social conditions
|9 18504
|
| 651 |
|
|
|a Bangladesh
|x Social conditions
|9 18505
|
| 852 |
|
|
|a Savar Campus Library
|c General Shelf
|
| 942 |
|
|
|2 ddc
|c BK
|
| 999 |
|
|
|c 37110
|d 37110
|
| 952 |
|
|
|0 0
|1 0
|2 ddc
|4 0
|6 306_000000000000000__095492_KIB
|7 0
|9 58370
|a SCL
|b SCL
|c GEN
|d 2016-03-14
|g 350.00
|l 1
|m 6
|o 306.095492 KIB
|p 3020001029
|r 2017-03-06
|s 2017-01-08
|t 1
|w 2016-03-14
|y BK
|
| 952 |
|
|
|0 0
|1 0
|2 ddc
|4 0
|6 306_095492000000000_KIB
|7 0
|9 66289
|a BRACUL
|b BRACUL
|c GEN
|d 2019-09-15
|e Complimentary copy from BIED
|l 1
|m 4
|o 306.095492 KIB
|p 3010035348
|r 2021-11-08
|s 2021-03-16
|t 1
|w 2019-09-15
|y BK
|x Transferred from BIED to General Stacks
|